<?xml version="1.0" encoding="UTF-8"?><?xml-stylesheet type="text/xsl" href="static/style.xsl"?><OAI-PMH xmlns="http://www.openarchives.org/OAI/2.0/" xmlns:xsi="http://www.w3.org/2001/XMLSchema-instance" xsi:schemaLocation="http://www.openarchives.org/OAI/2.0/ http://www.openarchives.org/OAI/2.0/OAI-PMH.xsd"><responseDate>2026-04-19T06:35:37Z</responseDate><request verb="GetRecord" identifier="oai:riubu.ubu.es:10259/8555" metadataPrefix="marc">https://riubu.ubu.es/oai/request</request><GetRecord><record><header><identifier>oai:riubu.ubu.es:10259/8555</identifier><datestamp>2024-02-03T01:05:37Z</datestamp><setSpec>com_10259_8283</setSpec><setSpec>com_10259_5086</setSpec><setSpec>com_10259_2604</setSpec><setSpec>col_10259_8284</setSpec></header><metadata><record xmlns="http://www.loc.gov/MARC21/slim" xmlns:doc="http://www.lyncode.com/xoai" xmlns:xsi="http://www.w3.org/2001/XMLSchema-instance" xmlns:dcterms="http://purl.org/dc/terms/" xsi:schemaLocation="http://www.loc.gov/MARC21/slim http://www.loc.gov/standards/marcxml/schema/MARC21slim.xsd">
<leader>00925njm 22002777a 4500</leader>
<datafield tag="042" ind1=" " ind2=" ">
<subfield code="a">dc</subfield>
</datafield>
<datafield tag="720" ind1=" " ind2=" ">
<subfield code="a">Fernández Flórez, José A.</subfield>
<subfield code="e">author</subfield>
</datafield>
<datafield tag="720" ind1=" " ind2=" ">
<subfield code="a">Serna Serna, Sonia</subfield>
<subfield code="e">author</subfield>
</datafield>
<datafield tag="260" ind1=" " ind2=" ">
<subfield code="c">2017</subfield>
</datafield>
<datafield tag="520" ind1=" " ind2=" ">
<subfield code="a">Los textos del Cartulario constituyen, prácticamente, la única fuente manuscrita para documentar la vida cotidiana, historia e intrahistoria, de la época condal y del monasterio San Pedro de Cardeña, uno de los cenobios más antiguos e importantes del Occidente peninsular, al que tan vinculado estuvo Rodrigo Díaz de Vivar, el Cid Campeador, que con el merino de Burgos "tenebant uoce de abbate Sisebuto de Karadigna" en una "altercatjo" con trece infanzones del valle de Orbaneja, conflicto que acabó felizmente con una "bacca manducata" en común.</subfield>
</datafield>
<datafield tag="024" ind2=" " ind1="8">
<subfield code="a">978-84-92909-70-4</subfield>
</datafield>
<datafield tag="024" ind2=" " ind1="8">
<subfield code="a">978-84-92909-68-1</subfield>
</datafield>
<datafield tag="024" ind2=" " ind1="8">
<subfield code="a">http://hdl.handle.net/10259/8555</subfield>
</datafield>
<datafield tag="245" ind1="0" ind2="0">
<subfield code="a">El Becerro gótico de Cardeña: el primer gran cartulario hispánico (1086). Vol. 2, Documentos e índices</subfield>
</datafield>
</record></metadata></record></GetRecord></OAI-PMH>